Raices de lo ilc̕ito y razones de licitud

Bibliographic Details
Other Authors: Hoyo Sierra, Isabel Araceli (ed. lit), Sǹchez De La Torre, aÌ‚Angel (ed. lit)
Format: Unknown
Language:Spanish
Published: [Madrid] : Dykinson, 2005
Subjects:
Online Access:Acceso restringido

MARC

LEADER 00000ny a22000003n 4500
005 2011052404074.0
008 080703s2005 sp s 000 0 spa c
020 |a 8497728025 
035 |a 1405 
040 |a UMA.RE  |d vLex 
080 |a 340.11(0.034) 
090 |c 183  |d 183 
245 0 0 |a Raices de lo ilc̕ito y razones de licitud  |h [Recurso electrn̤ico]  |c ℓngel Sǹchez De La Torre, Isabel Araceli Hoyo Sierra (Editores) 
256 |a Servicio en ln̕ea 
260 |a [Madrid] :  |b Dykinson,  |c 2005 
506 1 |a Contenido solo disponible en los productos indicados  |d vLex Global  |d vLex Global (Academic Edition, excluding Law Schools)  |d vLex Global (U.S. Academic Edition, Law Schools)  |d vLex Global (U.S. Academic Edition, excluding Law Schools)  |d vLex Global (Academic Edition, Law Schools) 
650 0 7 |a Daǫs y perjuicios  |2 Tesauro vLex 
650 0 7 |a Civil  |2 Tesauro vLex 
650 0 7 |a Desviacin̤ de poder  |2 Tesauro vLex 
650 0 7 |a Fraude de ley  |2 Tesauro vLex 
650 0 7 |a Abuso del derecho  |2 Tesauro vLex 
650 0 7 |a Indignidad sucesoria  |2 Tesauro vLex 
650 0 7 |a Nulidad del matrimonio civil  |2 Tesauro vLex 
650 0 7 |a Persona  |2 Tesauro vLex 
650 0 7 |a Capacidad jurd̕ica  |2 Tesauro vLex 
650 0 7 |a Derecho de la informacin̤  |2 Tesauro vLex 
650 0 7 |a Genťica  |2 Tesauro vLex 
650 0 7 |a Filosofa̕ del Derecho  |2 Tesauro vLex 
700 1 |a Hoyo Sierra, Isabel Araceli,  |e ed. lit 
700 1 |a Sǹchez De La Torre, aÌ‚Angel,  |e ed. lit 
740 0 |a vLex Libros (Servicios en ln̕ea) 
856 4 0 |u http://vlex.com/source/1405  |z Acceso restringido 
942 |c BOOK 
999 0 |a Abuse of rights  |b Madrid 
999 0 |a Genetics  |b Spain